[Event "Pardubice Czech op"]
[Site "Pardubice"]
[Date "1998.??.??"]
[Round "2"]
[White "Volokitin, Andrei"]
[Black "Jirovsky, Milos"]
[Result "1/2-1/2"]
[WhiteElo "2295"]
[BlackElo "2435"]

1.e4 d5 2.exd5 Qxd5 3.Nc3 Qd6 4.d4 Nf6 5.Nf3 a6 6.Bc4 b5 7.Bb3 Bb7 8.Ne5 e6
9.Bf4 Qb6 10.d5 c5 11.Qe2 Be7 12.O-O-O O-O 13.dxe6 fxe6 14.Nd7 Nbxd7 15.Bxe6+ Kh8
16.Bxd7 Ne4 17.Nxe4 Rxf4 18.f3 c4 19.Nf2 Bc5 20.Nh3 Rf6 21.Kb1 c3 22.Qd3 Rd6
23.Qf5 Rf6 24.Qd3 Rd6 25.Qf5 Rf6 26.Qd3  1/2-1/2

[Event "Pardubice Czech op"]
[Site "Pardubice"]
[Date "1998.??.??"]
[Round "2"]
[White "Kulhanek, Tomas"]
[Black "Hasangatin, Ramil"]
[Result "0-1"]
[WhiteElo "2195"]
[BlackElo "2460"]

1.e4 d5 2.exd5 Qxd5 3.Nc3 Qd6 4.d4 Nf6 5.Nf3 a6 6.Be2 Nc6 7.O-O Bg4 8.h3 Bh5
9.Bg5 O-O-O 10.g4 Bg6 11.Be3 h5 12.g5 Ne4 13.Nxe4 Bxe4 14.Bd3 Qe6 15.Bxe4 Qxe4
16.c4 Qe6 17.Kh2 Qxc4 18.Rc1 Qd5 19.Bf4 e6 20.Rxc6 Qxc6 21.Ne5 Qe4 22.Be3 Bd6  0-1

[Event "CRO-chT2"]
[Site "Pula"]
[Date "1998.??.??"]
[Round "6"]
[White "Vitic, Ivan"]
[Black "Armanda, Ivica"]
[Result "1-0"]
[WhiteElo "2300"]
[BlackElo "2270"]

1.e4 d5 2.exd5 Qxd5 3.Nc3 Qd6 4.d4 c6 5.Bc4 Nf6 6.Nge2 Bg4 7.O-O e6 8.Bg5 Nbd7
9.h3 Bh5 10.a4 h6 11.Bh4 Qc7 12.Bg3 Bd6 13.Qc1 Bxe2 14.Nxe2 Bxg3 15.Nxg3 O-O
16.Re1 Rac8 17.b4 a5 18.Qd2 Nb6 19.Bd3 axb4 20.Qxb4 Nbd5 21.Qb2 Rfd8 22.Reb1 Rd7
23.Ra3 c5 24.dxc5 Qxc5 25.Rb3 Nc3 26.Ra1 Rcc7 27.a5 e5 28.a6 bxa6 29.Rb8+ Rc8
30.Bf5 Rd1+ 31.Rxd1 Nxd1 32.Rxc8+ Qxc8 33.Qxe5 Qe8 34.Qa1 Qe1+ 35.Kh2 h5
36.Qxa6 Nxf2 37.Qc8+ Qe8 38.Nxh5 Qxc8 39.Nxf6+ gxf6 40.Bxc8 Ne4 41.Bf5 Nc3
42.g4 Kg7 43.Kg3 Kh6 44.h4 Nd5 45.Kf3 Kg7 46.Ke4 Ne7 47.c4 Kf8 48.Bd7 Ng8
49.Kd5 Ne7+ 50.Kd6 Ng6 51.h5 Ne5 52.c5 Nc4+ 53.Kc7 Ke7 54.h6 Kf8 55.Bf5 Kg8
56.c6 Ne5 57.Kb7 Nxc6 58.Kxc6 Kh8 59.Kd7  1-0

[Event "Pula op"]
[Site "Pula"]
[Date "1998.??.??"]
[Round "6"]
[White "Titova Boric, Elena"]
[Black "Nikolov, Sasho"]
[Result "0-1"]
[WhiteElo "2210"]
[BlackElo "2415"]

1.e4 d5 2.exd5 Qxd5 3.Nc3 Qd6 4.Nf3 Nf6 5.d4 a6 6.h3 b5 7.Bd3 Bb7 8.Qe2 Nbd7
9.O-O e6 10.a4 b4 11.Ne4 Nxe4 12.Bxe4 Bxe4 13.Qxe4 c6 14.c4 bxc3 15.bxc3 Qd5
16.Qe2 Be7 17.c4 Qf5 18.Rd1 O-O 19.d5 cxd5 20.cxd5 Bf6 21.dxe6 Bxa1 22.exd7 Bf6
23.Be3 Rfd8 24.g4 Qe6 25.Qd3 Rab8 26.Bg5 Rb7 27.Bxf6 gxf6 28.Qc3 Rbxd7 29.Rxd7 Rxd7
30.Nd4 Qe8 31.Nf5 Rd1+ 32.Kg2 Qe4+ 33.f3 Qe2+ 34.Kg3 Qe1+  0-1

[Event "CRO-chT2"]
[Site "Pula"]
[Date "1998.??.??"]
[Round "8"]
[White "Biti, Ozren"]
[Black "Armanda, Ivica"]
[Result "1/2-1/2"]
[WhiteElo "2220"]
[BlackElo "2270"]

1.e4 d5 2.exd5 Qxd5 3.Nc3 Qd6 4.d4 c6 5.h3 Nf6 6.Nf3 Bf5 7.Be2 Nbd7 8.O-O e6
9.Bg5 h6 10.Bh4 Qc7 11.Bg3 Bd6 12.Bxd6 Qxd6 13.Bd3 Bxd3 14.Qxd3  1/2-1/2

[Event "Pula op"]
[Site "Pula"]
[Date "1998.??.??"]
[Round "9"]
[White "Marinsek, Tomaz"]
[Black "Nikolov, Sasho"]
[Result "1/2-1/2"]
[WhiteElo "2195"]
[BlackElo "2415"]

1.e4 d5 2.exd5 Qxd5 3.Nc3 Qd6 4.Nf3 Nf6 5.Be2 Nc6 6.d3 Bg4 7.O-O e6 8.Bg5 Be7
9.Bh4 O-O 10.Bg3 Qd7 11.Ne5 Nxe5 12.Bxe5 Bxe2 13.Qxe2 c6 14.Qf3 Nd5 15.Nxd5 cxd5
16.c4 Rfd8 17.Rac1 Bf8 18.Qg3 Rac8 19.Bf6 Re8 20.b3 Rc6 21.Rfe1 Kh8 22.Bb2 Rd8
23.h3 f6 24.Re2 e5 25.Qf3 dxc4 26.dxc4 Rd6 27.Bc3 Rd3 28.Re3 Ba3 29.Rxd3 Qxd3
30.Qxd3 Rxd3 31.Rc2 Kg8 32.Kf1 Kf7 33.Ke2 e4 34.Be1 f5 35.Rd2 Rxd2+ 36.Bxd2 Bb2
37.Be3 a6 38.f3 Ke6 39.Bb6 Ke5 40.Bc7+ Kd4 41.Bb6+ Ke5 42.Bc7+ Kd4 43.Bb6+ Kc3
44.fxe4 fxe4 45.Ke3 Kb4 46.Kxe4 Ka3 47.Kd3 Kxa2 48.Kc2 Bf6 49.Bc5 g6 50.g4 Be5
51.Be7 Bb2 52.c5 Be5 53.Bd6 Bb2 54.g5 Ba3 55.Bf8 a5 56.Kc3 Bb4+ 57.Kc4 Bd2
58.Be7 Kb2 59.Bd8 Kc2 60.Bf6 Bb4 61.Be7 Be1 62.Bd8 Bb4 63.Be7 Bd2 64.Bd8 Kb2
65.Bf6+ Ka3 66.Bc3 Bxg5 67.Bxa5 Bf4 68.Bb4+ Ka2 69.Bc3 g5 70.b4 h5 71.b5 Kb1
72.Kd5 g4 73.hxg4 hxg4 74.Ke4 Bb8 75.c6 bxc6 76.bxc6 g3 77.Kf3 Kc2 78.Be1 Bc7
79.Bxg3 Ba5 80.Ke4 Kb3 81.Kd5 Bd8 82.Kd6 Kc4 83.Kd7 Bb6 84.Bc7 Be3 85.Bd8 Bf4
86.Bc7 Be3 87.Bg3 Bb6 88.Bf2 Ba5 89.Kc8 Kb5 90.Kb7 Bd8 91.Bh4 Ba5 92.Be7 Bb6
93.Bd6 Ba5 94.Bc7 Bc3 95.Bf4 Ba5 96.Bd2 Bb6 97.Bf4 Ba5 98.Bd6 Bb6 99.Be7 Ba5
100.Bf8 Bb6 101.Bd6 Ba5 102.Bc7 Bb4 103.Bb6 Bd6  1/2-1/2

[Event "Radenci op"]
[Site "Radenci"]
[Date "1998.??.??"]
[Round "?"]
[White "Kosanski, Stanko"]
[Black "Nikolov, Sasho"]
[Result "1-0"]
[WhiteElo "2365"]
[BlackElo "2415"]

1.e4 d5 2.exd5 Qxd5 3.Nc3 Qd6 4.Nf3 Nf6 5.Be2 Nc6 6.Nb5 Qd8 7.d4 a6 8.Nc3 Bf5
9.Bf4 e6 10.O-O Be7 11.h3 O-O 12.Re1 Nb4 13.Rc1 c5 14.Be3 Qc7 15.a3 Nbd5
16.Nxd5 Nxd5 17.Bd3 Bg6 18.Bxg6 hxg6 19.c4 Nxe3 20.fxe3 Bf6 21.Qe2 Rad8 22.dxc5 Qxc5
23.b4 Qc6 24.Qc2 Rd7 25.c5 Rfd8 26.Red1 Kf8 27.Rxd7 Rxd7 28.Kf2 Ke8 29.a4 Kd8
30.Qb3 Qe4 31.Ke2 g5 32.Rc4 Qc6 33.b5 axb5 34.axb5 Qc8 35.Qa3 Ke8 36.c6 bxc6
37.bxc6 Rc7 38.Ra4 Be7 39.Qa1 Bf6 40.Nd4 Bxd4 41.exd4 Qd8 42.Ra8 Rc8 43.Rxc8 Qxc8
44.Qa4 Qc7 45.Qb5 f6 46.Kd3 Kd8 47.Kc4 Qa7 48.Qb4 Ke8 49.Qd6 Qa4+ 50.Kc3 Qa5+
51.Qb4 Qa1+ 52.Kb3 Qa7 53.Qd6 Kf7 54.c7 Qb7+ 55.Kc3 Kg6 56.Qd7 Qxg2 57.c8=Q Qxh3+
58.Kb4 Qe3 59.Qc4 Qe1+ 60.Kb5  1-0

[Event "Rhein an Main op"]
[Site "Rhein"]
[Date "1998.??.??"]
[Round "5"]
[White "Schmittdiel, Eckhard"]
[Black "Lisanti, Andre"]
[Result "1-0"]
[WhiteElo "2460"]
[BlackElo "2350"]

1.e4 d5 2.exd5 Qxd5 3.Nc3 Qd6 4.d4 c6 5.Nf3 Bg4 6.Be2 Bxf3 7.Bxf3 Nf6 8.Bg5 Nbd7
9.Qd2 e6 10.Bf4 Qb4 11.a3 Qb6 12.O-O Be7 13.Na4 Qd8 14.c4 Nb6 15.Nxb6 axb6
16.Rad1 O-O 17.Qc2 Bd6 18.Be5 Qe7 19.Qc3 Nd7 20.Bxd6 Qxd6 21.Rd3 Rad8 22.Rfd1 Rfe8
23.g3 g6 24.h4 Qe7 25.Kg2 Qf6 26.b4 Rc8 27.Re3 h6 28.Qe1 Kf8 29.Bg4 h5 30.Bh3 Rcd8
31.Qe2 Kg7 32.d5 cxd5 33.cxd5 e5 34.d6 e4 35.Rxe4 Rxe4 36.Qxe4 Ne5 37.d7 Qc6
38.Qxc6 bxc6 39.f4 Ng4 40.Bxg4 hxg4 41.a4  1-0

[Event "Saint Quentin op"]
[Site "Saint Quentin"]
[Date "1998.??.??"]
[Round "6"]
[White "Murrey, Jacob"]
[Black "Pytel, Krzysztof"]
[Result "1-0"]
[WhiteElo "2420"]
[BlackElo "2380"]

1.e4 d5 2.exd5 Qxd5 3.Nc3 Qd6 4.d4 Nf6 5.g3 c6 6.Bf4 Qd8 7.Bg2 Bg4 8.Nf3 e6
9.h3 Bxf3 10.Bxf3 Be7 11.O-O O-O 12.Qd3 Nbd7 13.Rad1 Nd5 14.Nxd5 cxd5 15.b3 Nb6
16.c4 Bg5 17.Bxg5 Qxg5 18.Rfe1 Qd8 19.Re5 Nd7 20.Re2 Nf6 21.cxd5 Nxd5 22.Re5 Qd7
23.Rde1 Nf6 24.Qb5 Rab8 25.Qxd7 Nxd7 26.Ra5 Nf6 27.Rxa7 b5 28.Rc1 b4 29.Rcc7 Ne8
30.Rc6 Nf6 31.Rc1 Rb6 32.Kf1 Rd8 33.Rcc7 Rf8 34.Rcb7 Rd6 35.Rxb4 g5 36.a4 Kg7
37.a5 h5 38.g4 hxg4 39.hxg4 Nd5 40.Bxd5 Rxd5 41.a6 Ra5 42.Rbb7 Kg6 43.b4 Ra2
44.b5 f5 45.Rg7+ Kf6 46.b6 fxg4 47.Raf7+ Rxf7 48.Rxf7+ Kxf7 49.b7 Rxa6 50.b8=Q Ra1+
51.Kg2 Re1 52.Qh8 Kg6 53.Qe8+ Kf6 54.d5  1-0

[Event "Saint Quentin op"]
[Site "Saint Quentin"]
[Date "1998.??.??"]
[Round "9"]
[White "Montheard, Xavier"]
[Black "Pytel, Krzysztof"]
[Result "0-1"]
[WhiteElo "2220"]
[BlackElo "2380"]

1.e4 d5 2.exd5 Qxd5 3.Nc3 Qd6 4.d4 Nf6 5.Bc4 c6 6.Nge2 Bf5 7.Bf4 Qd8 8.O-O e6
9.Bd3 Bxd3 10.Qxd3 Be7 11.Rfe1 O-O 12.Bg5 Nbd7 13.Ng3 Re8 14.Rad1 Qb6 15.Bd2 Rad8
16.Na4 Qc7 17.c4 a6 18.Nc3 b5 19.b3 Qb6 20.Qe3 Nf8 21.Nce2 Rd7 22.Bc3 Red8
23.Rd2 Ng6 24.Red1 b4 25.Bb2 Qa5 26.h3 Qc7 27.Ne4 Nxe4 28.Qxe4 Bf6 29.g3 h6
30.Kg2 Ne7 31.Ng1 a5 32.Nf3 a4 33.Rd3 Qa5 34.Bc1 Qf5 35.Qe2 c5 36.d5 exd5
37.cxd5 Rxd5 38.Rxd5 Rxd5 39.Rxd5 Qxd5 40.Qb5 axb3 41.axb3 Nc6 42.Qb7 g5
43.g4 Kg7 44.Bd2 Bc3 45.Be3 Bd4 46.Bd2 Kf6 47.Qa8 Kg7 48.Qb7 Qe4 49.Bc1 Qc2
50.Qxc6 Qxf2+ 51.Kh1 Qf1+ 52.Kh2 Qxc1 53.Nxd4 Qf4+ 54.Kg2 cxd4 55.Qc4 Qd2+
56.Kf1 Qc3 57.Qd5 Qxh3+  0-1

[Event "San Jose op"]
[Site "San Jose"]
[Date "1998.??.??"]
[Round "4"]
[White "Martin Moreno, Luis"]
[Black "Gines, Pedro"]
[Result "0-1"]
[WhiteElo "1970"]
[BlackElo "2200"]

1.e4 d5 2.exd5 Qxd5 3.Nc3 Qd8 4.d4 Nf6 5.Bg5 c6 6.Nf3 Bg4 7.Be2 Nbd7 8.O-O e6
9.Re1 Be7 10.h3 Bh5 11.Ne5 Bxe2 12.Qxe2 O-O 13.Rad1 Nd5 14.Bxe7 Nxc3 15.Qc4 Qxe7
16.Qxc3 Rfd8 17.Qb3 Nxe5 18.dxe5 b6 19.Qa4 Qc7 20.c4 h6 21.f4 b5 22.cxb5 Qb6+
23.Kh2 cxb5 24.Qe4 Rac8 25.b3 Qf2 26.Re2 Qb6 27.Red2 Rxd2 28.Rxd2 Rc1 29.Qa8+ Kh7
30.Qe4+ g6 31.Qd4 Qxd4 32.Rxd4 Rc7 33.Rd8 g5 34.fxg5 hxg5 35.Rb8 Rc5 36.Rb7 Kg6
37.Rxa7 Rxe5 38.Ra5 Re2 39.Kg3 b4 40.Kf3 Rd2 41.Rb5 Rxa2 42.Rxb4 Rb2 43.Rb6 Kf5
44.Rb5+ Kg6 45.Rb6 Rd2 46.b4 Rb2 47.Rb7 f5 48.g4 Rb3+ 49.Kg2 Kf6 50.gxf5 exf5
51.Rb5 Kg6 52.Rb8 f4 53.Rb6+ Kh5 54.Rb8 Rg3+ 55.Kh2 Kg6 56.Rb5 Kf6 57.Rb8 Kf5
58.Rf8+ Ke4 59.Re8+ Kf3 60.Re5 Rg2+ 61.Kh1 g4 62.hxg4 Re2 63.Ra5 Kg3 64.Ra1 Rh2+
65.Kg1 f3 66.Ra3 Rb2 67.Ra1 Rg2+ 68.Kh1 Rh2+  0-1

[Event "San Jose op"]
[Site "San Jose"]
[Date "1998.??.??"]
[Round "9"]
[White "Blasco, V."]
[Black "Gines, Pedro"]
[Result "0-1"]
[WhiteElo "2010"]
[BlackElo "2200"]

1.e4 d5 2.exd5 Qxd5 3.Nc3 Qd8 4.Bc4 c6 5.d4 Nf6 6.Bf4 Bf5 7.Nf3 e6 8.Qe2 Be7
9.O-O-O Nbd7 10.h3 Nb6 11.g4 Bg6 12.Ne5 Nxc4 13.Qxc4 Nd5 14.Nxd5 Qxd5 15.Qxd5 cxd5
16.h4 f6 17.Nxg6 hxg6 18.g5 Kf7 19.Be3 Rh5 20.f4 Rah8 21.Kd2 Rxh4 22.Rhg1 Bd6
23.Rdf1 Rh2+ 24.Kd3 Rc8 25.Bd2 b5 26.b4 Rh3+  0-1

[Event "Seefeld op 9th"]
[Site "Seefeld"]
[Date "1998.??.??"]
[Round "3"]
[White "Kuporosov, Viktor"]
[Black "Voss, Ingo"]
[Result "1-0"]
[WhiteElo "2500"]
[BlackElo "2205"]

1.e4 d5 2.exd5 Qxd5 3.Nc3 Qd6 4.d4 Nf6 5.Nge2 Bf5 6.Bf4 Qd8 7.Ng3 Bg6 8.h4 h6
9.h5 Bh7 10.Bd3 Bxd3 11.Qxd3 c6 12.O-O-O Na6 13.Rhe1 Nb4 14.Qf3 e6 15.Be5 Be7
16.Nge4 Nbd5 17.Kb1 Nxc3+ 18.Nxc3 Qa5 19.d5 cxd5 20.Bxf6 Bxf6 21.Nxd5 O-O-O
22.Nxf6 gxf6 23.g4 Rxd1+ 24.Rxd1 Rd8 25.Rxd8+ Qxd8 26.Qc3+ Kb8 27.Kc1 e5
28.Qd2 Qf8 29.Qd7 a6 30.a3 Ka7 31.b4 Qg7 32.Qf5 a5 33.c3 axb4 34.axb4 Kb8
35.Kc2 Ka7 36.Kb3 Ka6 37.c4 Ka7 38.c5 Kb8 39.Kc4 Qg8 40.f3 Qd8 41.Qd3 Qe8
42.Qd6+ Ka8 43.Kd5 e4 44.fxe4 Qg8 45.Qxf6 Qxg4 46.Qxf7 Qd1+ 47.Ke5 Qd2 48.Qd5 Qxb4
49.Qd8+  1-0

[Event "POR-chJ"]
[Site "Silves"]
[Date "1998.??.??"]
[Round "6"]
[White "Andrade, Jose"]
[Black "Dantas, Carlos"]
[Result "0-1"]
[WhiteElo "2080"]
[BlackElo "2200"]

1.e4 d5 2.exd5 Qxd5 3.Nc3 Qd8 4.d4 Nf6 5.Nf3 Bf5 6.Bc4 e6 7.O-O Be7 8.Ne2 O-O
9.Ng3 Bg6 10.Qe2 c5 11.Rd1 Qb6 12.c3 Nc6 13.dxc5 Bxc5 14.b4 Be7 15.Bf4 Rfe8
16.a4 Nd5 17.Bxd5 exd5 18.a5 Qd8 19.Qa2 a6 20.Rxd5 Qc8 21.Qd2 Bf6 22.Rc1 Rd8
23.Bg5 Bxg5 24.Qxg5 Rxd5 25.Qxd5 Nxb4 26.Qd4 Nc6 27.Qb6 Qd8 28.Qxb7 Nxa5
29.Qb4 Qc7 30.c4 Rb8 31.Qa4 h6 32.Nd2 Rd8 33.Ngf1 Rd6 34.Qb4 Nc6 35.Qc5 Rd3
36.Re1 Qd7 37.Nf3 a5 38.Ne3 Qd6 39.Qb5 Be4 40.Nf5 Qf4 41.N5h4 Bxf3 42.Nxf3 Nd4
43.Qe8+ Kh7 44.Ne5 Rd2 45.f3 Nc2 46.Re4 Qg5 47.Ng4 Qc5+ 48.Ne3 Nxe3 49.Rxe3 Re2
50.Qe4+ g6 51.Qe7 Qxe3+ 52.Qxe3 Rxe3 53.Kf2 Rc3  0-1

[Event "RUS-ch sf"]
[Site "Tula"]
[Date "1998.??.??"]
[Round "3"]
[White "Gavritenkov, Sergei"]
[Black "Karavaev, Vladimir"]
[Result "1-0"]
[WhiteElo "2245"]
[BlackElo "2380"]

1.e4 d5 2.exd5 Qxd5 3.Nc3 Qd8 4.d4 g6 5.Nf3 Bg7 6.Bc4 Nh6 7.O-O O-O 8.Ne4 Nf5
9.c3 Nd6 10.Bd3 Nxe4 11.Bxe4 c6 12.Bf4 Qb6 13.Qe2 Bg4 14.h3 Bxf3 15.Bxf3 e6
16.h4 Nd7 17.h5 Rfe8 18.hxg6 hxg6 19.Bg4 Nf6 20.Bf3 e5 21.dxe5 Nd7 22.g3 Nxe5
23.Bg2 Nd7 24.Qc2 Qa5 25.Rad1 Nf6 26.Qb3 Qh5 27.Qxb7 Bf8 28.Qxc6 Ng4 29.Rfe1 Rec8
30.Qd5 Qh2+ 31.Kf1 Bc5 32.Rd2 Bxf2 33.Rxf2 Rd8 34.Qg5 Nxf2 35.Kxf2 Rab8 36.Bxb8 Rxb8
37.Re2 Qh7 38.Rd2 Rb6 39.Rd8+ Kg7 40.Qe5+ Rf6+ 41.Kg1 Qh6 42.Rd1  1-0

[Event "GER Cup qf"]
[Site "Walldorf"]
[Date "1998.??.??"]
[Round "?"]
[White "Peters, Andreas"]
[Black "Vatter, Hans Joachim"]
[Result "1-0"]
[WhiteElo "2300"]
[BlackElo "2290"]

1.e4 d5 2.exd5 Qxd5 3.Nc3 Qd6 4.d4 a6 5.g3 e5 6.dxe5 Qxe5+ 7.Qe2 Qxe2+ 8.Ngxe2 Bd6
9.Bf4 Bxf4 10.Nxf4 c6 11.Ne4 Ke7 12.O-O-O Nf6 13.Nd6 Rd8 14.Nxc8+ Rxc8 15.Bh3 Re8
16.Rd2 a5 17.Rhd1 Na6 18.c3 Nc5 19.Nd3 Nxd3+ 20.Rxd3 Rad8 21.Rxd8 Rxd8 22.Rxd8 Kxd8
23.Kd2 Ke7 24.Kd3 Kd6 25.Kd4 b6 26.b4 Nd5 27.Bg2 axb4 28.Bxd5 c5+ 29.Kc4 b5+
30.Kxb5 Kxd5 31.cxb4 c4 32.Ka4 Kd4 33.b5 c3 34.b6 c2 35.b7 c1=Q 36.b8=Q Qc6+
37.Qb5 Qa8+ 38.Kb3 Qf3+ 39.Kb4 Qc3+ 40.Ka4 Qc2+ 41.Ka3 Qc7 42.Qb4+ Kd3 43.f4 g6
44.Qb3+ Ke4 45.Kb2 Qa7 46.a4 h5 47.Qb4+ Kf3 48.a5 Qf2+ 49.Kb3 Qxh2 50.Qc3+ Kg4
51.a6 Qg1 52.Ka4 Qb6 53.Qa5 Qd4+ 54.Qb4 Qd7+ 55.Qb5 Qd4+ 56.Qb4 Qd7+ 57.Ka5 Kxg3
58.Qb7 Qd2+ 59.Kb5 Qd3+ 60.Kc6 Qe4+ 61.Kd7 Qe6+ 62.Kd8 f5 63.a7 Qg8+ 64.Kd7 Qf7+
65.Kc6 Qc4+ 66.Kd6 Qxf4+ 67.Ke7 h4 68.a8=Q h3 69.Qb3+ Kg4 70.Qaa4 Qxa4 71.Qxa4+ f4
72.Qd1+ f3 73.Qg1+ Kf4 74.Qh2+ Ke3 75.Qxh3 Ke2 76.Qg4 Ke3 77.Qg5+ Ke2 78.Qe5+ Kf1
79.Kf6 f2 80.Qe3 g5 81.Kf5 Kg2 82.Qe4+ Kg1 83.Qg4+ Kh2 84.Qf3 Kg1 85.Qg3+ Kf1
86.Ke4 Ke2 87.Qe3+ Kf1 88.Kf3 g4+ 89.Kg3  1-0

[Event "Wattens op 13th"]
[Site "Wattens"]
[Date "1998.??.??"]
[Round "2"]
[White "Lawitsch, Guenther"]
[Black "Schueler, Arthur"]
[Result "1-0"]
[WhiteElo "2275"]
[BlackElo "1940"]

1.e4 d5 2.exd5 Qxd5 3.Nc3 Qd8 4.d4 Nf6 5.Bc4 e6 6.Nf3 c6 7.O-O b5 8.Bd3 Nbd7
9.Qe2 a6 10.Ne5 Bb7 11.Re1 Nxe5 12.dxe5 Nd7 13.Bf4 Nc5 14.Rad1 Qc7 15.Ne4 Nxe4
16.Bxe4 g6 17.Qf3 Rb8 18.Bg5 Bg7 19.Qa3 Bf8 20.Qg3 Bg7 21.f4 O-O 22.Qh4 Rfe8
23.Rd3 Qa5 24.Red1 Qb4 25.Rh3 h5 26.Bd3 Kf8 27.g4 Qd4+ 28.Kf1 c5 29.gxh5 Qd5
30.Rg3 c4 31.Be2 Qh1+ 32.Kf2 Qc6 33.hxg6 Qc5+ 34.Kf1 Bd5 35.Bh6 Bxh6 36.Qxh6+ Ke7
37.g7 Kd7 38.Qf6 Kc6 39.Rxd5 Kxd5 40.Bf3+ Kd4 41.Qxf7 Rbd8 42.g8=Q Ke3 43.Qg5 Kd2
44.f5+ Kxc2 45.Rg2+ Kb1 46.Be4+ Rd3 47.Qd2 Qd4 48.b4 Qc3 49.Qh5  1-0

[Event "Wattens op 13th"]
[Site "Wattens"]
[Date "1998.??.??"]
[Round "7"]
[White "Neuschmied, Siegfried"]
[Black "Luchner, Wolfgang"]
[Result "1-0"]
[WhiteElo "2200"]
[BlackElo "1720"]

1.e4 d5 2.exd5 Qxd5 3.Nc3 Qd8 4.g3 c6 5.Bg2 Bf5 6.Nf3 h6 7.O-O e6 8.b3 Nf6
9.Bb2 Bd6 10.Qe2 O-O 11.d3 Nbd7 12.Ne4 Bxe4 13.dxe4 e5 14.Rad1 Qe7 15.Nh4 g6
16.Bc1 Kh7 17.Qd2 Bb4 18.Qxh6+ Kg8 19.Bh3 Rfd8 20.Bg5 Qf8 21.Qxf8+ Kxf8 22.Bxd7 Nxd7
23.Bxd8 Rxd8 24.Rd3 Ke7 25.Rfd1 Ba5 26.Nf3 Bc7 27.Kg2 Ke8 28.Ng5 Nc5 29.Rxd8+  1-0

[Event "Nova Gorica op"]
[Site "Nova Gorica"]
[Date "1999.02.02"]
[Round "6"]
[White "Borisek, Jure"]
[Black "Armanda, Ivica"]
[Result "0-1"]
[WhiteElo "2127"]
[BlackElo "2337"]

1.e4 d5 2.exd5 Qxd5 3.Nc3 Qd6 4.d4 Nf6 5.Nf3 Bg4 6.Bb5+ c6 7.Be2 Nbd7 8.O-O e6
9.Be3 Qc7 10.h3 Bh5 11.Ng5 Bxe2 12.Qxe2 Be7 13.Rad1 h6 14.Nge4 Rc8 15.Rfe1 Nd5
16.Qg4 Kf8 17.Bc1 N7f6 18.Qf3 Nxc3 19.Bf4 Qa5 20.Nxc3 Qf5 21.Rd3 Nh5 22.Ne2 Nxf4
23.Nxf4 g5 24.Nh5 Qxf3 25.Rxf3 Kg8 26.Kf1 Rc7 27.c4 Rd7 28.Re4 Rd6 29.Ke2 f5
30.Re5 Kf7 31.d5 Kg6 32.Ng3 cxd5 33.cxd5 Bf6 34.Rxe6 Rxe6+ 35.dxe6 f4 36.Ne4 Re8
37.Nxf6 Rxe6+ 38.Kd2 Kxf6 39.Rd3 Ke5 40.Rd7 Rb6 41.Kc3 a6 42.Re7+ Kf5 43.Rf7+ Kg6
44.Rc7 Kh5 45.a4 a5 46.Rc5 Kh4 47.Rxa5 f3 48.gxf3 Rf6 49.Re5 Rxf3+ 50.Kd4 Rxf2
51.Rb5 Rf4+ 52.Ke3 Rf7 53.Rb6 h5 54.Rh6 Rf4 55.Rb6 Rxa4 56.Rxb7 Kxh3 57.Rb5 Kh4
58.Kf2 g4 59.Kg2 Rc4  0-1

[Event "RUS-Cup03 (Geller mem)"]
[Site "Moscow"]
[Date "1999.02.08"]
[Round "7"]
[White "Isanbaev, Ramil"]
[Black "Zaitsev, Vadim"]
[Result "1/2-1/2"]
[WhiteElo "2344"]
[BlackElo "2412"]

1.e4 d5 2.exd5 Qxd5 3.Nc3 Qd6 4.d4 Nf6 5.Bc4 a6 6.Bb3 Nc6 7.Nge2 e5 8.dxe5 Qxd1+
9.Nxd1 Nxe5 10.O-O Bd6 11.Ndc3 Ng6 12.Bg5 Ng4 13.Ng3 O-O 14.Nce4 Be5 15.c3 h6
16.Bd2 Bf4 17.Rad1 Kh7 18.Bxf4 Nxf4 19.h3 Ne5 20.Rd4 g5 21.Nf6+ Kg7 22.Nd5 Nxd5
23.Rxd5 Ng6 24.Nh5+ Kh8 25.Rc5 c6 26.Re1 Bd7 27.Nf6 Rad8 28.Rd1 Be6 29.Rxd8 Rxd8
30.Bxe6 Rd1+ 31.Kh2 fxe6 32.Ne4 Re1 33.Rc4 Re2 34.Rd4 Ne5 35.Kg3 Rxb2 36.a4 Kg7
37.Nc5 Rc2 38.Nxb7 Rxc3+ 39.f3 Kf6 40.Nd6 Rc2 41.f4 gxf4+ 42.Kxf4 Ng6+ 43.Kg3 e5
44.Rb4 Nf4 45.Kf3 Ke6 46.Ne4 Nxg2 47.Rb6 a5 48.Ra6 Nh4+ 49.Ke3 Rc4 50.Rxa5 Nf5+
51.Kf3 Nd6 52.Nc5+ Ke7 53.Ke2 Ne4 54.Nd3 Nc3+ 55.Kd2 Nb1+ 56.Ke3 Rh4 57.Nxe5 Rxh3+
58.Kd4 Nd2 59.Ra7+ Ke6 60.Nxc6 Kd6 61.Ne7 Nb3+ 62.Ke4 Nc5+ 63.Kf4 h5 64.a5 Ne6+
65.Kf5 Nd4+ 66.Kg5 Nc6 67.Nxc6  1/2-1/2

[Event "BL2-S9899"]
[Site "Germany"]
[Date "1999.02.21"]
[Round "6.3"]
[White "Mueller, Ralf"]
[Black "Jirovsky, Milos"]
[Result "1-0"]
[WhiteElo "2375"]
[BlackElo "2455"]

1.e4 d5 2.exd5 Qxd5 3.Nc3 Qd6 4.d4 Nf6 5.Nf3 a6 6.Bc4 b5 7.Bb3 Bb7 8.Ne5 e6
9.Bf4 Qb6 10.d5 c5 11.dxe6 fxe6 12.Qe2 Be7 13.O-O-O O-O 14.Qe3 Bd8 15.Qh3 Nd5
16.Rxd5 c4 17.Be3 Bg5 18.Nxc4 Bxe3+ 19.Nxe3 exd5 20.Ncxd5 Qh6 21.Nc7+ Kh8
22.Qxh6 gxh6 23.Nxa8 Bxa8 24.Rd1 Nc6 25.f3 Re8 26.Nf5 h5 27.Bd5 Ne5 28.Bxa8 Rxa8
29.Rd5 Ng6 30.g3 Re8 31.f4 h4 32.Nxh4 Nxh4 33.gxh4 Re2 34.Rd6 Rxh2 35.Rxa6 Rxh4
36.Rb6 Rxf4 37.Rxb5 Kg7 38.b3 Kg6 39.Rb6+ Kg5 40.a4 h5 41.Rb8 h4 42.Rg8+ Kh6
43.Kb2 Kh7 44.Rg1 h3 45.Rh1 Rh4 46.a5 Kg6 47.a6 Rh7 48.a7  1-0

[Event "Bled op"]
[Site "Bled"]
[Date "1999.03.21"]
[Round "2"]
[White "Mazi, Leon"]
[Black "Sermek, Drazen"]
[Result "0-1"]
[WhiteElo "2405"]
[BlackElo "2540"]

1.e4 d5 2.exd5 Qxd5 3.Nc3 Qd6 4.d4 Nf6 5.Be3 a6 6.Qd2 b5 7.Nf3 Bb7 8.Be2 Nbd7
9.O-O e6 10.a4 b4 11.Na2 Be7 12.Nc1 a5 13.Nd3 Nd5 14.Nc5 Nxc5 15.dxc5 Qd8
16.Ne5 O-O 17.Rad1 Bf6 18.f4 Bxe5 19.fxe5 Qh4 20.Bg5 Qe4 21.Rfe1 Nf4 22.Bf1 Nh3+
23.Kh1 Qg4 24.Be3 h6 25.Qe2 Qg6 26.Rd4 Ng5 27.Red1 Qf5 28.Qg4 Qxe5 29.Bf4 Qxc5
30.Rc4 Qf2 31.Rxc7 Rad8 32.Bxg5 Bf3  0-1

[Event "Hessen-ch"]
[Site "Baunatal"]
[Date "1999.03.26"]
[Round "2"]
[White "Kersten, Uwe"]
[Black "Janoschka, Arnd"]
[Result "1/2-1/2"]
[WhiteElo "2383"]
[BlackElo "2249"]

1.e4 d5 2.exd5 Qxd5 3.Nc3 Qd8 4.Nf3 c6 5.Bc4 Bf5 6.Ne5 e6 7.Qe2 Nd7 8.Nxf7 Kxf7
9.g4 Qf6 10.gxf5 Qxf5 11.d4 Bb4 12.Bd2 Ngf6 13.O-O-O Bxc3 14.Bxc3 b5 15.Bd3 Qd5
16.Kb1 Nb6 17.b3 a5 18.Rhg1 Qd6 19.Bb2 b4 20.d5 Nbxd5 21.Bc4  1/2-1/2

[Event "Gelsenkirchen op"]
[Site "Gelsenkirchen"]
[Date "1999.03.28"]
[Round "?"]
[White "Kulaots, Kaido"]
[Black "Cicak, Slavko"]
[Result "1-0"]
[WhiteElo "2426"]
[BlackElo "2490"]

1.e4 d5 2.exd5 Qxd5 3.Nc3 Qd6 4.d4 c6 5.Be2 Nf6 6.h3 Bf5 7.Nf3 Nbd7 8.O-O e6
9.Nh4 Bg6 10.Bg5 Qc7 11.Nxg6 hxg6 12.a3 Bd6 13.Qd2 Nb6 14.Bf3 Nh7 15.Ne4 Nxg5
16.Qxg5 Nc4 17.Nxd6+ Qxd6 18.c3 Qe7 19.Qc1 O-O-O 20.Re1 Qf6 21.Qc2 Rxh3 22.Qe2 Qg5
23.Bg4 Rh4 24.Bxe6+ fxe6 25.Qxc4 Rdh8 26.Qxe6+ Kb8 27.f3 Rh1+ 28.Kf2 Qh4+
29.Ke2 Rh2 30.Kd3 Rxg2 31.Qd6+ Ka8 32.Rh1 Qd8 33.Rxh8 Qxh8 34.Rh1 Qc8 35.Qd7 Qf8
36.Qf7 Qc8 37.Re1 Rf2 38.Re8 Rxf3+ 39.Ke2  1-0

[Event "Mar del Plata op 30th"]
[Site "Mar del Plata"]
[Date "1999.03.29"]
[Round "3"]
[White "Alonso, Salvador"]
[Black "Soppe, Guillermo"]
[Result "1-0"]
[WhiteElo "2339"]
[BlackElo "2448"]

1.e4 d5 2.exd5 Qxd5 3.Nc3 Qd6 4.d4 Nf6 5.Bc4 a6 6.Bb3 Nc6 7.Nge2 e5 8.dxe5 Qxd1+
9.Nxd1 Nxe5 10.Bf4 Bd6 11.h3 O-O 12.Ndc3 Bd7 13.O-O h6 14.Rad1 Rfe8 15.Rfe1 Rad8
16.Bh2 Bc8 17.Nf4 Kf8 18.Nfd5 Nxd5 19.Nxd5 f6 20.Kf1 Be6 21.f4 Bxd5 22.Bxd5 Nc6
23.Bxc6 bxc6 24.g3 g5 25.fxg5 hxg5 26.Rxe8+ Kxe8 27.Kg2 Kd7 28.Re1 c5 29.g4 Rb8  1-0

[Event "Capablanca mem Premier II"]
[Site "Havana"]
[Date "1999.05.12"]
[Round "5"]
[White "Gongora, Maikel"]
[Black "Narciso Dublan, Marc"]
[Result "0-1"]
[WhiteElo "2427"]
[BlackElo "2469"]

1.e4 d5 2.exd5 Qxd5 3.Nc3 Qd6 4.Bc4 Nf6 5.Nge2 a6 6.d4 Qc6 7.Qd3 Qxg2 8.Rg1 Qh3
9.Be3 g6 10.O-O-O Bg7 11.Nf4 Qf5 12.Qd2 Qd7 13.h4 b5 14.Bb3 Nc6 15.Nd3 O-O
16.Nc5 Qd8 17.Ne2 Bg4 18.Rde1 e5 19.d5 Bxe2 20.Rxe2 Nd4 21.Bxd4 exd4 22.Qxd4 a5
23.a4 Nd7 24.Qe3 Qxh4 25.Kb1 Nxc5 26.Qxc5 bxa4 27.Ba2 Qb4 28.Qxb4 axb4 29.Rg3 Rfe8
30.Rge3 Rxe3 31.Rxe3 Bf8 32.Bc4 Bd6 33.c3 bxc3 34.Rxc3 Rb8 35.Ka2 h5 36.b3 axb3+
37.Rxb3 Rxb3 38.Kxb3 f5 39.Kc3 Kg7 40.Kd4 Kf6 41.Ke3 g5 42.Bf1 Bc5+ 43.Ke2 Ke5  0-1

[Event "CRO-Cup"]
[Site "Pula"]
[Date "1999.05.28"]
[Round "5"]
[White "Bogut, Zeljko"]
[Black "Horvath, Csaba"]
[Result "1/2-1/2"]
[WhiteElo "2364"]
[BlackElo "2524"]

1.e4 d5 2.exd5 Qxd5 3.Nc3 Qd6 4.d4 Nf6 5.Nf3 a6 6.Be2 Nc6 7.h3 Bf5 8.Be3 h6
9.Qd2 O-O-O 10.a3 e5 11.O-O-O e4 12.Ne5 Nxe5 13.dxe5 Qxd2+ 14.Rxd2 Rxd2 15.Bxd2 Nd7
16.Bc4 Nxe5 17.Bd5 Bc5 18.Bxe4 Bd7 19.Nd1 Re8 20.Re1 f5 21.Bd5 g5 22.f4 gxf4
23.Rf1 f3 24.gxf3 Be6  1/2-1/2

[Event "CRO-Cup"]
[Site "Pula"]
[Date "1999.05.28"]
[Round "5"]
[White "Feletar, Darko"]
[Black "Kurajica, Bojan"]
[Result "0-1"]
[WhiteElo "2376"]
[BlackElo "2536"]

1.e4 d5 2.exd5 Qxd5 3.Nc3 Qd6 4.d4 Nf6 5.Bc4 a6 6.Nge2 Qc6 7.Bb3 Qxg2 8.Rg1 Qf3
9.Bf4 b5 10.Bxc7 Bb7 11.Qd2 Nbd7 12.O-O-O Rc8 13.Bg3 b4 14.Na4 Bd5 15.Nc5 Bxb3
16.axb3 Nd5 17.Nf4 N7b6 18.Nxd5 Nxd5 19.Be5 f6 20.Bg3 Kf7 21.Kb1 e6 22.Nd3 Be7
23.Rge1 Rc6 24.Re2 Rhc8 25.Rc1 a5 26.Ne1 Qf5 27.Ng2 a4 28.Ne3 Nxe3 29.Qxe3 axb3
30.Qxb3 Ra6 31.Rce1 Bf8 32.Re4 g5 33.h4 g4 34.d5 exd5 35.Rf4 Rca8 36.Kc1 Bh6
37.Qxb4 Ra1+ 38.Kd2 Bxf4+ 39.Bxf4 Rxe1 40.Kxe1 Re8+ 41.Kd2 Qe4 42.Qxe4 Rxe4
43.Bc7 f5 44.c3 Ke6 45.b4 Kd7 46.Bb8 Kc6 47.Kd3 f4 48.Kd2 h5 49.Kd3 g3 50.fxg3 f3
51.Ba7 Re2 52.Be3 Ra2  0-1